[Event "Sardinia World Open A"]
[Site "Orosei ITA"]
[Date "2025.05.01"]
[Round "7.7"]
[White "Favaloro, Andrea"]
[Black "Narayanan, S.L."]
[Result "0-1"]
[WhiteTitle "IM"]
[BlackTitle "GM"]
[WhiteElo "2422"]
[BlackElo "2601"]
[WhiteFideId "885940"]
[BlackFideId "5058422"]
[EventDate "2025.04.27"]

1. Nf3 Nf6 2. g3 b6 3. Bg2 Bb7 4. O-O g6 5. c4 Bg7 6. d4 O-O 7. d5 Na6 8. Nc3
Nc5 9. Re1 e6 10. e4 d6 11. Qc2 a5 12. Bg5 e5 13. b3 h6 14. Bd2 Qe8 15. Rab1 Bc8
16. Nb5 Qd8 17. Nh4 Bd7 18. Bc3 Nh7 19. Rf1 Ng5 20. Kh1 Nh3 21. Nf3 h5 22. Bd2
Bf6 23. Nc3 Kg7 24. a3 Rh8 25. b4 Nb7 26. Be3 h4 27. Qd2 Rh7 28. Rfc1 Qe7 29.
Rc2 Rah8 30. Qc1 Bg4 31. Rbb2 Nf4 32. Bxf4 exf4 33. Qxf4 Bxf3 34. Bxf3 hxg3 35.
fxg3 Bg5 0-1

[Event "Sardinia World Open A"]
[Site "Orosei ITA"]
[Date "2025.05.01"]
[Round "7.8"]
[White "Dalaud, Dorian"]
[Black "Lodici, Lorenzo"]
[Result "0-1"]
[WhiteTitle "FM"]
[BlackTitle "GM"]
[WhiteElo "2303"]
[BlackElo "2570"]
[WhiteFideId "36093270"]
[BlackFideId "884189"]
[EventDate "2025.04.27"]

1. e4 c5 2. Nf3 d6 3. d4 cxd4 4. Nxd4 Nf6 5. Nc3 a6 6. Bg5 e6 7. f3 b5 8. Qd2
Bd7 9. a3 Nc6 10. Nxc6 Bxc6 11. O-O-O Be7 12. Ne2 Rb8 13. Nd4 Bd7 14. Nb3 Nxe4
15. Bxe7 Nxd2 16. Bxd8 Nxb3+ 17. cxb3 Kxd8 18. Rxd6 Rc8+ 19. Kd2 Rc6 20. Rxc6
Bxc6 21. Bd3 f5 22. a4 Kc7 23. Re1 Kd6 24. axb5 axb5 25. Kc3 g5 26. Kb4 h5 27.
Rd1 Ke5 28. Re1+ Kf6 29. Rc1 Bd5 30. Bxb5 Rb8 31. Ka4 g4 32. Rc3 Ra8+ 33. Kb4
Ra2 34. fxg4 hxg4 35. Rc2 f4 36. Bc4 Ba8 37. Re2 e5 38. Kc5 Ra5+ 39. Kd6 f3 40.
gxf3 gxf3 41. Re1 e4 42. b4 Re5 43. Re3 f2 44. b5 Rd5+ 45. Bxd5 f1=Q 46. Rxe4
Bxd5 47. Kxd5 Qxb5+ 48. Kd6 Qd3+ 0-1

[Event "Sardinia World Open A"]
[Site "Orosei ITA"]
[Date "2025.05.01"]
[Round "7.9"]
[White "Moroni, Luca Jr"]
[Black "Noy, Eyal"]
[Result "1-0"]
[WhiteTitle "GM"]
[BlackTitle "FM"]
[WhiteElo "2545"]
[BlackElo "2346"]
[WhiteFideId "865834"]
[BlackFideId "2821117"]
[EventDate "2025.04.27"]

1. c4 e6 2. Nc3 Bb4 3. e4 Ne7 4. d4 d5 5. exd5 exd5 6. Nf3 O-O 7. c5 b6 8. cxb6
axb6 9. Bd3 Bf5 10. O-O Nbc6 11. Bf4 Bxc3 12. bxc3 Bxd3 13. Qxd3 Qd7 14. Rfe1
Rfe8 15. h4 Nf5 16. Bxc7 Rxe1+ 17. Rxe1 Nfxd4 18. Bxb6 Nxf3+ 19. Qxf3 h6 20. Qe2
Ra4 21. g3 Rc4 22. Qd3 Ra4 23. Re2 f6 24. Qb5 Ne5 25. Qxd7 Nxd7 26. Bd4 Kf7 27.
Rb2 Ne5 28. Kf1 Nc6 29. Be3 Ra3 30. Rb7+ Kg8 31. Rd7 Ra5 32. h5 Rxa2 33. Rxd5
Rc2 34. Rc5 Ne5 35. Rc8+ Kf7 36. Rc7+ Kf8 37. Kg2 Kg8 38. Bd4 Nf7 39. Rc8+ Kh7
40. Rc6 Nd8 41. Rd6 Nf7 42. Rd7 Kg8 43. Kf3 Ng5+ 44. Kg4 Ne6 45. Kf5 Nxd4+ 46.
cxd4 Rxf2+ 47. Kg6 Kf8 48. Rxg7 Rf3 49. Rf7+ Ke8 50. Rxf6 Rxg3+ 51. Kxh6 Ke7 52.
Rf5 Rd3 53. d5 Rd1 54. Kg6 Rg1+ 55. Rg5 Rf1 56. Re5+ Kd6 57. Rf5 Rg1+ 58. Rg5
Rf1 59. h6 Ke7 60. Re5+ Kd6 61. Rf5 Rh1 62. Rh5 Rg1+ 63. Rg5 Rh1 64. h7 Ke7 65.
Kg7 1-0

[Event "Sardinia World Open A"]
[Site "Orosei ITA"]
[Date "2025.05.01"]
[Round "7.10"]
[White "Raja, Harshit"]
[Black "Adharsh K"]
[Result "1-0"]
[WhiteTitle "GM"]
[BlackTitle "FM"]
[WhiteElo "2474"]
[BlackElo "2317"]
[WhiteFideId "5089000"]
[BlackFideId "25718207"]
[EventDate "2025.04.27"]

1. e4 c5 2. Nf3 Nc6 3. d4 cxd4 4. Nxd4 Nf6 5. Nc3 e5 6. Ndb5 d6 7. Bg5 a6 8. Na3
b5 9. Nd5 Be7 10. Bxf6 gxf6 11. Bd3 Be6 12. O-O f5 13. c4 b4 14. exf5 bxa3 15.
fxe6 fxe6 16. Qa4 Rc8 17. Nxe7 Kxe7 18. Qxa3 Qa5 19. Qxa5 Nxa5 20. Rac1 Nc6 21.
f4 exf4 22. Rxf4 Ne5 23. Rd1 a5 24. b3 h5 25. Rh4 Rcg8 26. Be2 Rg5 27. Rhd4 Nf7
28. Rh4 Re5 29. Bd3 Rg8 30. Rf4 Reg5 31. g3 Ne5 32. Kg2 Ng4 33. Re1 h4 34. Be2
Re5 35. Kh3 hxg3 36. Rxg4 Rxg4 37. Kxg4 gxh2 38. Kf3 d5 39. Rh1 dxc4 40. Bxc4 1-0

[Event "Sardinia World Open A"]
[Site "Orosei ITA"]
[Date "2025.05.01"]
[Round "7.11"]
[White "Martinovici, Ilia"]
[Black "Xu, Grant"]
[Result "1/2-1/2"]
[WhiteTitle "IM"]
[BlackTitle "FM"]
[WhiteElo "2459"]
[BlackElo "2304"]
[WhiteFideId "13907034"]
[BlackFideId "2052318"]
[EventDate "2025.04.27"]

1. d4 f5 2. Bg5 h6 3. Bh4 g5 4. Bg3 Bg7 5. e3 c5 6. c3 Qb6 7. Nd2 cxd4 8. Nc4
Qe6 9. cxd4 Nf6 10. Bxb8 Rxb8 11. Bd3 b5 12. Na5 Qb6 13. b4 Bb7 14. Nxb7 Qxb7
15. Nf3 e6 16. O-O O-O 17. Qb3 Qd5 18. Rfc1 Qxb3 19. axb3 Rb7 20. Ra5 Rfb8 21.
Rc5 Bf8 22. Rcxb5 Bxb4 23. Rxb7 Rxb7 24. Ra6 Rc7 25. g3 d6 26. d5 Nxd5 27. Nd4
Kf7 28. Nb5 Rc1+ 29. Kg2 Bc5 30. Nxd6+ Kf8 31. Nb7 Bb6 32. Ra4 Rd1 33. Bc4 Nc3
34. Ra6 Ke7 35. Na5 Kd7 36. b4 Ra1 37. Nc6 Rxa6 38. Nb8+ Kd6 39. Nxa6 g4 40. Kf1
Ne4 41. Kg2 Ng5 42. Bb3 Nf3 43. h4 Nd2 1/2-1/2

[Event "Sardinia World Open A"]
[Site "Orosei ITA"]
[Date "2025.05.01"]
[Round "7.12"]
[White "Van der Lende, Ilias"]
[Black "Lumachi, Gabriele"]
[Result "1/2-1/2"]
[WhiteTitle "IM"]
[BlackTitle "IM"]
[WhiteElo "2410"]
[BlackElo "2443"]
[WhiteFideId "1019260"]
[BlackFideId "2817247"]
[EventDate "2025.04.27"]

1. d4 Nf6 2. c4 g6 3. Nf3 Bg7 4. g3 b6 5. Bg2 Bb7 6. O-O O-O 7. Re1 e6 8. Nc3
Ne4 9. Bd2 d6 10. Rc1 Nd7 11. Nxe4 Bxe4 12. Bc3 a5 13. Qa4 Re8 14. e3 Qc8 15.
Nd2 Bxg2 16. Kxg2 Qb7+ 17. f3 c6 18. Ne4 b5 19. Qc2 Bf8 20. c5 d5 21. Nf2 b4 22.
Bd2 e5 23. Ng4 Bg7 24. Nxe5 Nxe5 25. dxe5 Bxe5 26. e4 dxe4 27. Rxe4 Bg7 28. b3
Rxe4 29. Qxe4 Qd7 30. Bf4 Bc3 31. Bh6 Rd8 32. h4 Qe6 33. Qxe6 fxe6 34. Be3 Rd3
35. Kf2 Bd2 36. Rc2 Rxe3 37. Rxd2 Rc3 38. Rd8+ Kf7 39. Rd7+ Kf6 40. Rxh7 Rxc5
41. g4 Rc2+ 42. Kg3 Rxa2 43. g5+ Ke5 44. f4+ Ke4 45. h5 gxh5 46. g6 Ra1 47. Kg2
Ra2+ 48. Kg3 Ra1 49. Kg2 1/2-1/2

[Event "Sardinia World Open A"]
[Site "Orosei ITA"]
[Date "2025.05.01"]
[Round "7.13"]
[White "Urbani, Gabriel"]
[Black "Panjwani, Raja"]
[Result "1-0"]
[WhiteTitle "FM"]
[BlackTitle "IM"]
[WhiteElo "2277"]
[BlackElo "2443"]
[WhiteFideId "2830138"]
[BlackFideId "2604493"]
[EventDate "2025.04.27"]

1. e4 c5 2. Nf3 Nc6 3. d4 cxd4 4. Nxd4 e5 5. Nb5 d6 6. c4 Be7 7. N1c3 a6 8. Na3
Be6 9. Nc2 Nf6 10. Be2 O-O 11. Be3 Rc8 12. Qd3 Na5 13. b3 b5 14. cxb5 Rxc3 15.
Qxc3 Nxe4 16. Qb2 d5 17. O-O axb5 18. f3 d4 19. fxe4 dxe3 20. Rad1 Qb8 21. Kh1
Bg5 22. Rd3 f5 23. exf5 Bxf5 24. Rd5 Nc6 25. Qc3 Qa8 26. Rxb5 Bxc2 27. Qxc2
Rxf1+ 28. Bxf1 Qf8 29. Bd3 Nd4 30. Qc4+ Kh8 31. Rxe5 1-0

[Event "Sardinia World Open A"]
[Site "Orosei ITA"]
[Date "2025.05.01"]
[Round "7.14"]
[White "Fromm, Marius"]
[Black "Zakin, Ilay"]
[Result "1-0"]
[WhiteTitle "IM"]
[BlackTitle "FM"]
[WhiteElo "2436"]
[BlackElo "2254"]
[WhiteFideId "12993190"]
[BlackFideId "2848279"]
[EventDate "2025.04.27"]

1. c4 Nf6 2. Nc3 g6 3. Nf3 Bg7 4. g3 O-O 5. Bg2 d6 6. d4 Nbd7 7. O-O e5 8. e4
exd4 9. Nxd4 Re8 10. Be3 Nc5 11. f3 a5 12. Ndb5 Qe7 13. Qd2 a4 14. Rfe1 Be6 15.
Nd5 Bxd5 16. cxd5 Qd7 17. Nc3 Qd8 18. Bxc5 dxc5 19. e5 Nd7 20. f4 Nb6 21. Rad1
Qd7 22. Ne4 Qb5 23. d6 Nc4 24. Qe2 cxd6 25. Bf1 dxe5 26. Qxc4 Qxb2 27. Rd7 Rf8
28. Ng5 exf4 29. Nxf7 h5 30. Qxf4 Rae8 31. Red1 b5 32. Rb7 Bd4+ 33. Kh1 Qxa2 34.
Rxd4 Rxf7 35. Rxf7 Qxf7 36. Qxf7+ Kxf7 37. Rf4+ Kg7 38. Bxb5 Re1+ 39. Kg2 a3 40.
Ra4 Rb1 41. Bc4 Rb2+ 42. Kh3 Rb4 43. Rxb4 cxb4 44. Kg2 Kf6 45. Kf3 Ke5 46. Ke3
Kf5 47. h3 Ke5 48. g4 hxg4 49. hxg4 Kf6 50. Kf4 Kg7 51. Kg5 Kh7 52. Kf6 Kh6 53.
Bb3 Kh7 54. g5 Kh8 55. Kxg6 a2 56. Bxa2 b3 57. Bb1 b2 58. Ba2 b1=N 59. Bxb1 1-0

[Event "Sardinia World Open A"]
[Site "Orosei ITA"]
[Date "2025.05.01"]
[Round "7.15"]
[White "Maldonado Gonzales, Stefano"]
[Black "Knaak, Rainer"]
[Result "1/2-1/2"]
[BlackTitle "GM"]
[WhiteElo "2228"]
[BlackElo "2472"]
[WhiteFideId "28540778"]
[BlackFideId "4611250"]
[EventDate "2025.04.27"]

1. e4 e6 2. d4 d5 3. Nc3 Nf6 4. e5 Nfd7 5. f4 c5 6. Nf3 Be7 7. Be3 O-O 8. dxc5
Bxc5 9. Bxc5 Nxc5 10. Bd3 f5 11. exf6 Qxf6 12. g3 Nc6 13. Qe2 Bd7 14. O-O-O Rac8
15. Rhe1 Nb4 16. Kb1 Ncxd3 17. cxd3 Rfe8 18. a3 Nc6 19. Nb5 Qf8 20. Nbd4 b5 21.
Nxc6 Bxc6 22. Qd2 Qd6 23. Qb4 Qd8 24. Qd4 a5 25. b3 Qd6 26. Kb2 b4 27. a4 Bd7
28. Rc1 Rxc1 29. Rxc1 Rc8 30. Rxc8+ Bxc8 31. h4 Qc7 32. Ne5 Kf8 33. h5 h6 34.
Kb1 Bb7 35. g4 Ba6 36. f5 Bc8 37. Qf4 Kg8 38. f6 gxf6 39. Qxf6 Qg7 40. Qf4 Qf8
41. Qxf8+ Kxf8 42. Kc2 Kg7 43. d4 Kf6 44. Kd2 Kg5 45. Ke3 Bb7 46. Kf3 Ba6 47.
Ke3 Bf1 48. Kf3 Ba6 49. Ke3 Bf1 50. Kf3 1/2-1/2

[Event "Sardinia World Open A"]
[Site "Orosei ITA"]
[Date "2025.05.01"]
[Round "7.16"]
[White "Swara Lakshmi S Nair"]
[Black "Yaniv, Yuval"]
[Result "0-1"]
[WhiteTitle "WCM"]
[BlackTitle "IM"]
[WhiteElo "2216"]
[BlackElo "2407"]
[WhiteFideId "25629239"]
[BlackFideId "2823900"]
[EventDate "2025.04.27"]

1. e4 c5 2. Nf3 d6 3. d4 cxd4 4. Qxd4 Nc6 5. Qe3 g6 6. Be2 Bg4 7. O-O Bg7 8. c4
Qb6 9. Qd2 Bxf3 10. Bxf3 Nd4 11. Bd1 Rc8 12. Ba4+ Kf8 13. Na3 Nf6 14. Qd3 Ng4
15. Bd1 Ne5 16. Qh3 e6 17. Bb3 Ne2+ 18. Kh1 Nxc1 19. Raxc1 Nd7 20. Rcd1 Nc5 21.
Nb5 Rd8 22. Qh4 h6 23. Rfe1 a6 24. Nc3 g5 25. Qg3 Nxb3 26. Na4 Qb4 27. axb3 b5
28. cxb5 axb5 29. Nc3 Be5 30. Qd3 Qxb3 31. Qxb5 Rb8 32. Qd3 Kg7 33. Rb1 Rhc8 34.
g3 Qc4 35. Qe3 Bxc3 36. bxc3 Rxb1 37. Rxb1 Qxc3 38. Qxc3+ Rxc3 39. Rd1 Rc6 40.
f3 Kf6 41. Rd2 Ke5 42. Kg2 Rc3 43. Kf2 h5 44. Ra2 g4 45. Ra5+ d5 46. fxg4 hxg4
47. exd5 exd5 48. Ra4 d4 49. Ra7 Rc2+ 50. Ke1 f5 51. Re7+ Kd5 52. Rh7 d3 53.
Rd7+ Ke4 54. Re7+ Kf3 55. Rd7 Re2+ 56. Kf1 Rf2+ 57. Kg1 Rd2 0-1

[Event "Sardinia World Open A"]
[Site "Orosei ITA"]
[Date "2025.05.01"]
[Round "7.17"]
[White "Maisuradze, Nino"]
[Black "Kanyamarala, Tarun"]
[Result "0-1"]
[WhiteTitle "WGM"]
[BlackTitle "IM"]
[WhiteElo "2189"]
[BlackElo "2386"]
[WhiteFideId "13601717"]
[BlackFideId "45004714"]
[EventDate "2025.04.27"]

1. d4 d5 2. c4 e6 3. Nf3 c6 4. e3 Nf6 5. Bd3 Nbd7 6. O-O dxc4 7. Bxc4 b5 8. Bd3
a6 9. a4 b4 10. a5 Be7 11. Nbd2 c5 12. Nc4 Bb7 13. Qe2 O-O 14. Rd1 Qc7 15. Nfe5
Rac8 16. Bd2 Rfd8 17. Rac1 Qb8 18. Be1 Qa8 19. f3 Nd5 20. Nxd7 Rxd7 21. Bg3 cxd4
22. e4 Rxc4 23. Bxc4 Ne3 24. Qxe3 dxe3 25. Rxd7 Bf6 26. Be2 h5 27. Rcd1 Bc6 28.
Rc7 Bxb2 29. Rd6 Bb5 30. Bxb5 axb5 31. a6 b3 32. a7 Ba3 33. Rd1 Bc5 34. Rxc5
Qxa7 35. Bd6 b2 36. Rc8+ Kh7 37. Re1 Qa1 38. Kf1 b1=Q 39. Rxb1 Qxb1+ 40. Ke2 Qg1
41. Bg3 b4 42. Be1 b3 43. Rb8 b2 0-1

[Event "Sardinia World Open A"]
[Site "Orosei ITA"]
[Date "2025.05.01"]
[Round "7.18"]
[White "Kalosha, Zhiulien Oleksii"]
[Black "Sarabando, Rodrigo Andias"]
[Result "1-0"]
[WhiteTitle "FM"]
[WhiteElo "2315"]
[BlackElo "2211"]
[WhiteFideId "14183706"]
[BlackFideId "1950010"]
[EventDate "2025.04.27"]

1. e4 c5 2. Nf3 e6 3. d4 cxd4 4. Nxd4 Nf6 5. Nc3 Nc6 6. Ndb5 Bb4 7. a3 Bxc3+ 8.
Nxc3 d5 9. Bd3 d4 10. Ne2 e5 11. O-O O-O 12. f4 exf4 13. Bxf4 Ng4 14. Qe1 Nge5
15. Qg3 f6 16. b4 a6 17. Rad1 Qb6 18. Bc1 Be6 19. Kh1 Nxd3 20. cxd3 Kh8 21. Bf4
a5 22. Bd6 Rf7 23. Nf4 Bb3 24. Rb1 a4 25. Rbc1 Ne5 26. Bxe5 fxe5 27. Nh3 Rxf1+
28. Rxf1 Re8 29. Ng5 Qg6 30. Nf3 Qd6 31. Rc1 b6 32. Qg4 g6 33. Rc8 Rxc8 34.
Qxc8+ Kg7 35. Qe8 Be6 36. Qb5 Kf6 37. Qxa4 Bg4 38. Ng1 Bd7 39. Qa8 Kg7 40. Qd8
Qe6 41. Nf3 Bb5 42. Qc7+ Kf6 43. Qc2 Qc6 44. Qd2 Ke6 45. h3 Qc3 46. Qg5 Qc7 47.
Qg4+ Kd6 48. Qg5 Ke6 49. Qg3 Kf6 50. Kh2 Bxd3 51. Nxd4 Bxe4 52. Qh4+ g5 53.
Qxg5+ Kxg5 54. Ne6+ Kf6 55. Nxc7 Bc6 56. b5 Be4 57. Na6 Ke6 58. g4 Kd6 59. h4
Bf3 60. Kg3 Be2 61. a4 h6 62. h5 e4 63. g5 Bxh5 64. gxh6 Bg6 65. Nb8 Bh7 66. Kf4
Kc7 67. Nc6 Kd6 68. Ne5 e3 69. Nc4+ Kc5 70. Nxe3 Kb4 71. Nd5+ Kxa4 72. Nc7 Kb4
73. Ke5 Kc5 74. Ke6 Bg6 75. Kf6 Bd3 76. Ne6+ Kxb5 77. Nf4 Bh7 78. Kg7 Bf5 79.
Ng6 Bxg6 80. Kxg6 Ka4 81. h7 b5 82. h8=Q b4 83. Qb2 1-0

[Event "Sardinia World Open A"]
[Site "Orosei ITA"]
[Date "2025.05.01"]
[Round "7.19"]
[White "Perossa, Nicolas"]
[Black "Federer, Colin"]
[Result "1-0"]
[WhiteTitle "FM"]
[WhiteElo "2274"]
[BlackElo "2103"]
[WhiteFideId "2850520"]
[BlackFideId "1345117"]
[EventDate "2025.04.27"]

1. e4 c5 2. Nf3 d6 3. d4 cxd4 4. Nxd4 Nf6 5. Nc3 a6 6. Bd3 g6 7. f3 Nc6 8. Nxc6
bxc6 9. b3 Bg7 10. Bb2 O-O 11. Na4 Qc7 12. Qd2 e5 13. O-O-O d5 14. Rhe1 d4 15.
Ba3 Rd8 16. c4 Nd7 17. c5 a5 18. Kb1 Ba6 19. Bxa6 Rxa6 20. Rc1 Nf8 21. Qd3 Qb7
22. Rc4 Ne6 23. g3 Qb5 24. Rf1 Bh6 25. Bc1 Bf8 26. Ba3 Bh6 27. f4 exf4 28. Bc1
Bf8 29. gxf4 Nxc5 30. Nxc5 Bxc5 31. a4 Qb6 32. Rxc5 Qxc5 33. Qxa6 d3 34. Bb2
Qc2+ 35. Ka2 d2 36. Qxa5 Rd4 37. Ka3 c5 38. Bxd4 cxd4 39. Qd8+ Kg7 40. Qxd4+ Kh6
41. Ra1 1-0

[Event "Sardinia World Open A"]
[Site "Orosei ITA"]
[Date "2025.05.01"]
[Round "7.20"]
[White "Rosh, Jain"]
[Black "Hercegovac, Neven"]
[Result "1-0"]
[WhiteTitle "FM"]
[BlackTitle "FM"]
[WhiteElo "2150"]
[BlackElo "2238"]
[WhiteFideId "25789465"]
[BlackFideId "2839135"]
[EventDate "2025.04.27"]

1. e4 c5 2. Nf3 g6 3. c3 d5 4. e5 Bg4 5. Bb5+ Nc6 6. Bxc6+ bxc6 7. O-O c4 8. d3
cxd3 9. Qxd3 Bxf3 10. Qxf3 e6 11. Nd2 Qc7 12. Qf4 Bg7 13. Nf3 Ne7 14. Be3 O-O
15. Bc5 Rfe8 16. Rfe1 a5 17. a4 Qb7 18. g4 h6 19. b4 Qa6 20. h4 Qd3 21. Re3 Qc2
22. Nd4 Qb2 23. Rae1 g5 24. hxg5 Ng6 25. Qh2 hxg5 26. Nf3 Qc2 27. Nxg5 Nf8 28.
Bxf8 Kxf8 29. Rf3 Re7 30. Qh5 Raa7 31. Nh7+ Ke8 32. Nf6+ Kd8 33. Ng8 Qg6 34.
Nxe7 Kxe7 35. Qh4+ Ke8 36. Rf4 Qc2 37. Qg3 Qxa4 38. bxa5 Qxa5 39. Rb4 Qc7 40. g5
Rb7 41. Rh4 Rb2 42. Rh7 Kf8 43. g6 Kg8 44. Re3 c5 45. Rxg7+ Kxg7 46. gxf7+ Kxf7
47. Rf3+ Ke8 48. Qg8+ Kd7 49. Rf7+ 1-0

[Event "Sardinia World Open A"]
[Site "Orosei ITA"]
[Date "2025.05.01"]
[Round "7.21"]
[White "Fulgentini, Edoardo"]
[Black "Vagman, Roy"]
[Result "1/2-1/2"]
[BlackTitle "FM"]
[WhiteElo "2113"]
[BlackElo "2437"]
[WhiteFideId "28557050"]
[BlackFideId "2828995"]
[EventDate "2025.04.27"]

1. d4 Nf6 2. c4 e6 3. Nf3 Bb4+ 4. Bd2 Qe7 5. e3 b6 6. Bd3 Bb7 7. Bxb4 Qxb4+ 8.
Qd2 Qe7 9. Nc3 Bxf3 10. gxf3 c5 11. dxc5 Qxc5 12. f4 Nc6 13. Rc1 O-O 14. Ne4
Nxe4 15. Bxe4 Rad8 16. O-O Qh5 17. Qd1 Qh4 18. Qf3 Ne7 19. Qg3 Qf6 20. Qg5 Qxg5+
21. fxg5 f5 22. gxf6 gxf6 23. c5 bxc5 24. Rxc5 f5 25. Bd3 f4 26. Rc7 Nc6 27. Be4
Ne5 28. Rxa7 Rb8 29. Rb7 Rxb7 30. Bxb7 fxe3 31. fxe3 Rb8 32. Bg2 Rxb2 33. Rf2
Rb6 34. Rd2 Kf7 35. Kf2 Ra6 36. Be4 h6 37. Bc2 Ke7 38. Bb3 Ra8 39. Rd4 Rf8+ 40.
Ke2 Rg8 41. Re4 Kd6 42. Rd4+ Kc5 43. Re4 Rg2+ 44. Kf1 Rg5 45. h4 Rf5+ 46. Ke2 d5
47. Ra4 Nc6 48. Rg4 Rf6 49. Rg8 Ne7 50. Rg4 Nf5 51. Bc2 Nd6 52. Rg6 Rxg6 53.
Bxg6 Nc4 54. a4 1/2-1/2

[Event "Sardinia World Open A"]
[Site "Orosei ITA"]
[Date "2025.05.01"]
[Round "7.22"]
[White "Fataliyeva, Ulviyya"]
[Black "Marzano, Carlo"]
[Result "1-0"]
[WhiteTitle "IM"]
[WhiteElo "2387"]
[BlackElo "2131"]
[WhiteFideId "13403052"]
[BlackFideId "802980"]
[EventDate "2025.04.27"]

1. c4 b6 2. d4 Bb7 3. Nc3 Nf6 4. Qc2 e6 5. e4 Bb4 6. Bd3 Bxc3+ 7. bxc3 d6 8. Nf3
Nbd7 9. O-O h6 10. Ba3 c5 11. Bc1 Qc7 12. a4 O-O 13. Bf4 Rfe8 14. Rfe1 Rac8 15.
h3 e5 16. Bh2 Nb8 17. dxe5 dxe5 18. a5 Nc6 19. axb6 axb6 20. Nd2 Ra8 21. Nf1
Rxa1 22. Rxa1 Ra8 23. Rb1 Na5 24. Ne3 Ba6 25. Bg3 Rd8 26. Bh4 g5 27. Bg3 Bb7 28.
Nd5 Bxd5 29. exd5 Ne8 30. Qe2 f6 31. Qh5 Rb8 32. Qxh6 Qg7 33. Qh5 Nd6 34. Qe2
Qh6 35. Qg4 Kh8 36. Qe6 Naxc4 37. Bxc4 Nxc4 38. d6 Na3 39. Bxe5 fxe5 40. Qxh6+ 1-0

[Event "Sardinia World Open A"]
[Site "Orosei ITA"]
[Date "2025.05.01"]
[Round "7.23"]
[White "Voiteanu, Gabriel"]
[Black "Romanishin, Oleg M"]
[Result "0-1"]
[WhiteTitle "FM"]
[BlackTitle "GM"]
[WhiteElo "2143"]
[BlackElo "2291"]
[WhiteFideId "1208810"]
[BlackFideId "14100088"]
[EventDate "2025.04.27"]

1. d4 Nf6 2. c4 e6 3. g3 Bb4+ 4. Bd2 c5 5. Bxb4 cxb4 6. a3 Qc7 7. c5 Nc6 8. Bg2
O-O 9. axb4 Nxb4 10. Nc3 d5 11. cxd6 Qxd6 12. Nf3 Bd7 13. Ne5 Nbd5 14. Nxd7 Qxd7
15. O-O b6 16. Qb3 Nxc3 17. bxc3 Rac8 18. Qa4 Rc7 19. Qxd7 Rxd7 20. Ra3 Rc8 21.
Rfa1 g5 22. f4 gxf4 23. gxf4 Nd5 24. Bxd5 Rxd5 25. Kf2 Rh5 26. Kg3 Rb5 27. h4 a5
28. Kf3 Rb2 29. Ke3 a4 30. Kd3 b5 31. R1a2 Rxa2 32. Rxa2 Kf8 33. Rb2 Rb8 34. Rb4
Ke7 35. Kd2 Kd6 36. c4 a3 37. cxb5 Ra8 38. Rb1 a2 39. Ra1 Kc7 40. Kc3 Kb6 41.
Kb3 Kxb5 42. e4 h5 43. d5 exd5 44. e5 Kc5 45. f5 d4 46. e6 fxe6 47. fxe6 Kd6 48.
Kc4 Kxe6 49. Kxd4 Kf5 50. Ke3 Kg4 51. Ke4 Kxh4 52. Kf4 Ra4+ 53. Kf3 Kg5 54. Ke3
h4 55. Kf3 Ra3+ 56. Kg2 Kf4 0-1

[Event "Sardinia World Open A"]
[Site "Orosei ITA"]
[Date "2025.05.01"]
[Round "7.24"]
[White "Ypma, Peter"]
[Black "Rubinshtein, Kamilla"]
[Result "1-0"]
[WhiteTitle "FM"]
[WhiteElo "2288"]
[BlackElo "2058"]
[WhiteFideId "1027255"]
[BlackFideId "2838708"]
[EventDate "2025.04.27"]

1. c4 e5 2. Nc3 Bb4 3. g3 Bxc3 4. bxc3 d6 5. Bg2 Nf6 6. e4 Be6 7. d3 c6 8. Nf3
h6 9. O-O O-O 10. a4 Qd7 11. c5 Bg4 12. cxd6 Qxd6 13. Ba3 c5 14. d4 Nbd7 15. Re1
Rfe8 16. d5 Qa6 17. h3 Bxf3 18. Bxf3 Red8 19. Qc2 Rac8 20. c4 Nb6 21. Rec1 Qxa4
22. Bb2 Qxc2 23. Rxc2 Nbd7 24. Rxa7 Rb8 25. Bc3 Ne8 26. Bg4 Nef6 27. Bxd7 Nxd7
28. Rb2 b6 29. Rba2 Kf8 30. f4 exf4 31. gxf4 Nf6 32. Be5 Rbc8 33. Rb7 Ra8 34.
Rxa8 Rxa8 35. Bxf6 gxf6 36. Rxb6 Ra4 37. Rxf6 Rxc4 38. e5 Ke8 39. Kf2 Rd4 40.
Ke3 Rxd5 41. Rxh6 c4 42. Rc6 Rd3+ 43. Ke4 Rxh3 44. Rxc4 f6 45. e6 Ke7 46. f5
Rh4+ 47. Kd5 Rh1 48. Rc7+ Ke8 49. Rf7 Rd1+ 50. Ke4 Re1+ 51. Kd3 Rd1+ 52. Ke2 Rh1
53. Rxf6 Rh3 54. Rf7 Ra3 55. f6 Ra6 56. Re7+ Kf8 57. Kf3 Rb6 58. Kg4 Ra6 59. Kf5
Ra5+ 60. Kg6 1-0

[Event "Sardinia World Open A"]
[Site "Orosei ITA"]
[Date "2025.05.01"]
[Round "7.25"]
[White "Haver, Bas"]
[Black "Hu, Jiani"]
[Result "1-0"]
[WhiteTitle "FM"]
[BlackTitle "WFM"]
[WhiteElo "2281"]
[BlackElo "2091"]
[WhiteFideId "1039849"]
[BlackFideId "8610312"]
[EventDate "2025.04.27"]

1. d4 d5 2. c4 e6 3. Nf3 Nf6 4. g3 c6 5. Bg2 Bd6 6. Nc3 O-O 7. Qc2 Nbd7 8. O-O
b6 9. cxd5 cxd5 10. Nb5 Be7 11. Bf4 Ba6 12. Qa4 Bxb5 13. Qxb5 Ne4 14. Rac1 Bd6
15. Ne5 Bxe5 16. dxe5 a6 17. Qb4 Nec5 18. Qd4 a5 19. Rfd1 Ra7 20. e4 dxe4 21.
Bxe4 f5 22. Bc6 Qb8 23. h4 h6 24. Qe3 g5 25. Bxg5 hxg5 26. Qxg5+ Kf7 27. Bf3 Rg8
28. Bh5+ Kf8 29. Qh6+ Rg7 30. Rd6 Kg8 31. a3 a4 32. Rxe6 Nxe6 33. Qxe6+ Kh8 34.
Qxf5 Qxe5 35. Qf3 Nf6 36. Rc8+ Rg8 37. Rc6 Nxh5 38. Rh6+ Kg7 39. Rxh5 Qe1+ 40.
Kg2 Rf7 41. Rg5+ Kf8 42. Qa8+ Ke7 43. Qb7+ Kf8 44. Qc8+ Ke7 45. Qc7+ Ke6 46.
Qxb6+ Kd7 47. Rd5+ Kc8 48. Rc5+ Kd7 49. Rc7+ Ke8 50. Qb8# 1-0

[Event "Sardinia World Open A"]
[Site "Orosei ITA"]
[Date "2025.05.01"]
[Round "7.26"]
[White "Blom, Vincent"]
[Black "Deboushnik De"]
[Result "1-0"]
[WhiteTitle "FM"]
[WhiteElo "2274"]
[BlackElo "2038"]
[WhiteFideId "1014358"]
[BlackFideId "25768778"]
[EventDate "2025.04.27"]

1. Nf3 d5 2. d4 Nf6 3. Bg5 e6 4. e3 h6 5. Bh4 Be7 6. Nbd2 O-O 7. Bd3 b6 8. Ne5
Bb7 9. f4 c5 10. c3 Nc6 11. Bxf6 Bxf6 12. Nxc6 Bxc6 13. Qh5 Be8 14. Nf3 Be7 15.
Qh3 c4 16. Bc2 f5 17. g4 Bg6 18. Rg1 Rf6 19. Qg2 Bf8 20. Ne5 Be8 21. g5 hxg5 22.
fxg5 Rg6 23. h4 Be7 24. Nf3 e5 25. Nxe5 Rd6 26. Bxf5 g6 27. Bc2 b5 28. a3 a5 29.
e4 b4 30. exd5 bxc3 31. bxc3 Rb8 32. Rb1 Rxb1+ 33. Bxb1 Qb8 34. Qe4 Qb2 35. Qc2
Qxa3 36. Nxc4 Qa1 37. Nxd6 Bxd6 38. Kf2 Qa3 39. Re1 Bf7 40. Re3 Bf4 41. Rf3 Qd6
42. c4 a4 43. c5 1-0

[Event "Sardinia World Open A"]
[Site "Orosei ITA"]
[Date "2025.05.01"]
[Round "7.27"]
[White "Karanikolas, Dimitrios"]
[Black "Solomon, Kenny"]
[Result "0-1"]
[BlackTitle "GM"]
[WhiteElo "2054"]
[BlackElo "2272"]
[WhiteFideId "4202589"]
[BlackFideId "14300192"]
[EventDate "2025.04.27"]

1. d4 Nf6 2. Nf3 d5 3. c4 e6 4. Nc3 Be7 5. Bg5 h6 6. Bh4 dxc4 7. e3 c5 8. Bxc4
cxd4 9. Qxd4 Qxd4 10. Nxd4 a6 11. Be2 Nbd7 12. O-O g5 13. Bg3 h5 14. h4 gxh4 15.
Bxh4 Ng4 16. Bxe7 Kxe7 17. Rac1 Rg8 18. Ne4 f5 19. Nc5 Nxc5 20. Rxc5 Kd6 21. Nb3
b6 22. Rd1+ Ke7 23. Rc7+ Kf6 24. Bf3 Rb8 25. Rh7 Kg6 26. Re7 Ne5 27. Be2 Rb7 28.
Rxb7 Bxb7 29. f4 Ng4 30. Bxg4 hxg4 31. Rd6 Bd5 32. Kf2 g3+ 33. Kxg3 Kf6+ 34. Kh3
Bxg2+ 35. Kh4 Rg4+ 0-1